000 07521cam a22015734i 4500
003 PE-LiUPU
005 20250813185424.0
008 150508s2009 sp a rb 000 0 spa d
020 _a8427716281
020 _a9788427716285
035 _a(Sirsi) i9788427716285
040 _aBNM
_bspa
_cBNM
_dPE-LiUPU
_erda
049 _aPRUA
080 _a159.953.5
080 _a159.954.4-053.2
082 0 4 _a370.118
_bB39
_222
100 1 _aBernabeu Morón, Natalia,
_d1954- ,
_eautor.
245 1 0 _aCreatividad y aprendizaje :
_bel juego como herramienta pedagógica /
_cNatalia Bernabeu, Andy Goldstein.
264 1 _aMadrid :
_bNarcea,
_cD.L. 2009.
300 _a138 páginas :
_bilustarciones,
_c24 centímetros
336 _atext
_2rdacontent
337 _aunmediated
_2rdamedia
338 _avolume
_2rdacarrier
490 0 _aEducación hoy. Estudios
504 _aBibliografía : páginas 135-138.
505 0 _aLa escuela ante los cambios sociales -- Los nuevos parámetros culturales -- La "materia prima" con la que trabajamos los docentes -- Los fines de la educación -- Un conceptorenovado de la mente humana -- Juego, creatividad y aprendizaje -- Jugar y aprender -- La creatividad -- El aprendizaje como proceso creador -- El "modelo quadraquinta" -- La instalación del contexto imaginario -- El poder de las palabras -- El caldeamiento -- La relajación -- El poder de la música -- Aplicación en el aula: propuestas prácticas -- La creatividad aplicada en el aula.
520 8 _aBasándose en las aportaciones más recientes sobre la creatividad, los autores de este libro proponen actividades que desarrollan la intuición, la imaginación y la fantasía; defienden un uso creativo del lenguaje a través de la metáfora y el símbolo; enseñan cómo es posible desarrollar en el alumnado la capacidad de ṕensar con imágenes ́y promover en él una actitud lúdica que, al mismo tiempo que amplíe los márgenes de libertad en el aula, permita disfrutar aprendiendo con todos los sentidos. Con este tipo de actividades, los alumnos y las alumnas, de todas las edades, pueden descubrir conceptos y adquirir habilidades recorriendo un camino previamente planificado por el docente, que va de lo emotivo a lo racional, del universo simbólico al referencial, de la fantasía a la realidad y del sentimiento al conocimiento.
526 _aP202
526 _aP201
526 _aP163
526 _aP162
526 _aP161
526 _aP160
526 _aP148
526 _aP147
526 _aP146
526 _aP145
526 _aP144
526 _aP143
526 _aP142
526 _aP141
526 _aP140
526 _aP139
526 _aP138
526 _aP137
526 _aP136
526 _aP135
526 _aP134
526 _aP133
526 _aP129
526 _aP128
526 _aP127
526 _aP120
526 _aP119
526 _aP118
526 _aP116
526 _aP115
526 _aP114
526 _aP110
526 _aP109
526 _aP108
526 _aP104
526 _aP103
526 _aP102
526 _aP99
526 _aP98
526 _aP97
526 _aP96
526 _aP95
526 _aP93
526 _aP90
526 _aP89
526 _aP88
526 _aP83
526 _aP82
526 _aP62
526 _aP59
526 _aP58
526 _aP57
526 _aP51
526 _aP49
526 _aP48
526 _aP47
526 _aP29
526 _aP24
526 _aP20
526 _aP19
526 _aP17
526 _aP15
526 _aP14
526 _aP12
526 _aP10
526 _aP09
526 _aP08
526 _aP07
526 _aP06
526 _aP05
526 _aP04
526 _aP01
541 _g001-002618;
650 7 _aAprendizaje.
_2embne
650 7 _aCreatividad en niños.
_2embne
700 1 _aGoldstein, Andy,
_eautor.
856 4 1 _uhttp://bibliotecadigitalhispanica.bne.es:80/webclient/DeliveryManager?pid=2152620&custom_att_2=simple_viewer
856 4 1 _uhttp://bibliotecadigitalhispanica.bne.es:80/webclient/DeliveryManager?pid=2152620&custom_att_2=simple_viewer
856 4 1 _uhttp://bibliotecadigitalhispanica.bne.es:80/webclient/DeliveryManager?pid=2152620&custom_att_2=simple_viewer
856 4 1 _uhttp://bibliotecadigitalhispanica.bne.es:80/webclient/DeliveryManager?pid=2152620&custom_att_2=simple_viewer
856 4 1 _uhttp://bibliotecadigitalhispanica.bne.es:80/webclient/DeliveryManager?pid=2152620&custom_att_2=simple_viewer
856 4 1 _uhttp://bibliotecadigitalhispanica.bne.es:80/webclient/DeliveryManager?pid=2152620&custom_att_2=simple_viewer
856 4 1 _uhttp://bibliotecadigitalhispanica.bne.es:80/webclient/DeliveryManager?pid=2152620&custom_att_2=simple_viewer
856 4 1 _uhttp://bibliotecadigitalhispanica.bne.es:80/webclient/DeliveryManager?pid=2152620&custom_att_2=simple_viewer
856 4 1 _uhttp://bibliotecadigitalhispanica.bne.es:80/webclient/DeliveryManager?pid=2152620&custom_att_2=simple_viewer
856 4 1 _uhttp://bibliotecadigitalhispanica.bne.es:80/webclient/DeliveryManager?pid=2152620&custom_att_2=simple_viewer
856 4 1 _uhttp://bibliotecadigitalhispanica.bne.es:80/webclient/DeliveryManager?pid=2152620&custom_att_2=simple_viewer
856 4 1 _uhttp://bibliotecadigitalhispanica.bne.es:80/webclient/DeliveryManager?pid=2152620&custom_att_2=simple_viewer
910 _ajck
_bjvq
_cjck
_d20150511
942 _2ddc
_cBOOK
949 _a370.118 B39
_wDEWEY
_c1
_i71027
_d2016-6-23
_e2016-6-21
_lCCODEBUL1
_mBUL
_n5
_p20.64
_r0
_sY
_tBOOK
_u2015-5-8
_xEDUCACION
_PP20
_0COMPRA
_o.STAFF. Colección General
994 _aC0
_bPEPRU
856 4 1 _uhttp://bibliotecadigitalhispanica.bne.es:80/webclient/DeliveryManager?pid=2152620&custom_att_2=simple_viewer
856 4 1 _uhttp://bibliotecadigitalhispanica.bne.es:80/webclient/DeliveryManager?pid=2152620&custom_att_2=simple_viewer
856 4 1 _uhttp://bibliotecadigitalhispanica.bne.es:80/webclient/DeliveryManager?pid=2152620&custom_att_2=simple_viewer
856 4 1 _uhttp://bibliotecadigitalhispanica.bne.es:80/webclient/DeliveryManager?pid=2152620&custom_att_2=simple_viewer
856 4 1 _uhttp://bibliotecadigitalhispanica.bne.es:80/webclient/DeliveryManager?pid=2152620&custom_att_2=simple_viewer
856 4 1 _uhttp://bibliotecadigitalhispanica.bne.es:80/webclient/DeliveryManager?pid=2152620&custom_att_2=simple_viewer
856 4 1 _uhttp://bibliotecadigitalhispanica.bne.es:80/webclient/DeliveryManager?pid=2152620&custom_att_2=simple_viewer
856 4 1 _uhttp://bibliotecadigitalhispanica.bne.es:80/webclient/DeliveryManager?pid=2152620&custom_att_2=simple_viewer
856 4 1 _uhttp://bibliotecadigitalhispanica.bne.es:80/webclient/DeliveryManager?pid=2152620&custom_att_2=simple_viewer
856 4 1 _uhttp://bibliotecadigitalhispanica.bne.es:80/webclient/DeliveryManager?pid=2152620&custom_att_2=simple_viewer
856 4 1 _uhttp://bibliotecadigitalhispanica.bne.es:80/webclient/DeliveryManager?pid=2152620&custom_att_2=simple_viewer
856 4 1 _uhttp://bibliotecadigitalhispanica.bne.es:80/webclient/DeliveryManager?pid=2152620&custom_att_2=simple_viewer
596 _a1
999 _a370.118 B39
_wDEWEY
_c29520
_i71027
_d29520
_e2022-4-26
_f2021-11-8
_g5
_lCCODEBUL1
_mBUL
_n8
_p20.64
_r0
_sY
_tBOOK
_u2015-5-8
_xEDUCACION
_PP20
_0COMPRA
_o.STAFF. Colección General
980 _81
_gALBERTO SANCHEZ Responsable de Automatización